LEADER 01187nam0-22003491--450 001 990009451390403321 005 20191024131823.0 010 $a978-88-568-3616-5 035 $a000945139 035 $aFED01000945139 035 $a(Aleph)000945139FED01 035 $a000945139 100 $a20111014d2010----km-y0itay50------ba 101 0 $aita 102 $aIT 105 $aa-------000yy 200 1 $aApproccio territoriale e sviluppo locale$eil programma di sviluppo del Distretto Agroalimentare di Qualità del Metapontino$fa cura di Francesco Contò, Piermichele La Sala 210 $aMilano$cAngeli$dc2010 215 $a383 p.$cill.$d23 cm 225 1 $aEconomia$iRicerche$v853 300 $aSul front.: Università degli Studi di Foggia, DSEMS; Università degli Studi della Basilicata, DITEC 610 0 $aSviluppo economico locale 676 $a354.279$v22$zita 702 1$aContò,$bFrancesco 702 1$aLa Sala,$bPiermichele 801 0$aIT$bUNINA$gRICA$2UNIMARC 901 $aBK 912 $a990009451390403321 952 $a60 354.279 CONF 2010$b13445$fFAGBC 959 $aFAGBC 996 $aApproccio territoriale e sviluppo locale$9761768 997 $aUNINA LEADER 02431nam 2200517 450 001 9910797486503321 005 20230803213445.0 010 $a3-03734-593-4 035 $a(CKB)3710000000449511 035 $a(EBL)2127899 035 $a(SSID)ssj0001577901 035 $a(PQKBManifestationID)16252871 035 $a(PQKBTitleCode)TC0001577901 035 $a(PQKBWorkID)14860082 035 $a(PQKB)11762181 035 $a(MiAaPQ)EBC2127899 035 $a(EXLCZ)993710000000449511 100 $a20150728h20142014 uy| 0 101 0 $aeng 135 $aur|n|---||||| 181 $ctxt 182 $cc 183 $acr 200 14$aThe past's threshold $eessays on photography /$fSiegfried Kracauer ; edited by Philippe Despoix and Maria Zinfert ; translations by Conor Joyce 210 1$aZu?rich :$cDiaphanes,$d[2014] 210 4$d©2014 215 $a1 online resource (129 p.) 300 $aDescription based upon print version of record. 311 $a3-03734-691-4 320 $aIncludes bibliographical references. 327 $aCover; Contents; Kracauer as Thinker of the Photographic Medium; Photography (1927); On Yesterday's Border (1932); Photographed Berlin (1932); A Note on Portrait Photography (1933); The Photographic Approach (1951); Curriculum Vitae in Pictures; Notes; Sources of the Texts; List of Illustrations and Photographic Credits; Acknowledgements 330 $aSiegfried Kracauer was a leading intellectual figure of the Weimar Republic and one of the foremost representatives of critical theory. Best known for a wealth of writings on sociology and film theory, his influence is felt in the work of many of the period's preeminent thinkers, including his friends, the critic Walter Benjamin, and Theodor W. Adorno, who once claimed he owed more to Kracauer than any other contemporary.This volume brings together for the first time all of Kracauer's essays on photography that he wrote between 1927 and 1933 as a journalist for the Frankfurter Zeitung, as well 606 $aPhotography 615 0$aPhotography. 676 $a770.922 700 $aKracauer$b Siegfried$f1889-1966,$0122979 702 $aJoyce$b Conor 702 $aDespoix$b Philippe 702 $aZinfert$b Maria 801 0$bMiAaPQ 801 1$bMiAaPQ 801 2$bMiAaPQ 906 $aBOOK 912 $a9910797486503321 996 $aThe past's threshold$93799306 997 $aUNINA